Responses for Show #8119 - Thursday, December 19, 2019

Contestants

[<< previous game]

Eric Smith, a bartender from Tucson, Arizona

Peggah Ghoreishi, a penguinologist from Chicago, Illinois

Dave Algase, an information professional and writer from Saline, Michigan (whose 1-day cash winnings total $8,218)

[next game >>]

Jeopardy! Round responses

ABOUT [TYPE]FACE
AROUND THE WORLD
1999 TELEVISION PREMIERES
CANINE CONVERSATIONS
STUPID ANSWERS
I'M DYIN' UP HERE!
    $200 1
Microsoft

Eric
    $200 2
blue & white

Dave
    $200 25
SpongeBob SquarePants

Eric
    $200 16
dog-eat-dog

Dave
    $200 10
(Eric: What is Time?)

People

PeggahEric
    $200 5
(Dave: Who is Rickenbacker?)

the Red Baron (Richthofen)

DaveEric
    $400 3
The London Times

Peggah
    $400 6
Bologna

Eric
    $400 26
(Alex: Yes, with less than a minute now.)

The Sopranos

Eric
    $400 17
to give a dog a bone (throw them a bone)

Peggah
    $400 14
The Who

Dave
    $400 15
Cortez

Eric
    $600 19
a typewriter

Eric
    $600 7
Saint Martin

Triple Stumper
    $600 18
a shaggy dog story

Dave
    $600 13
a firebreak

Eric
    $600 20
(Eric: What is helium?)

hydrogen

PeggahEric
    $800 24
(Eric: What is Popular Science?)
(Dave: What is Popular Mechanics?)

Scientific American

DaveEric
Triple Stumper
    $800 8
Cape Horn

Triple Stumper
    $800 27
Angel

Eric
    $800 23
(Dave: What is tweed?)

houndstooth

DaveEric
    $800 11
South Africa

Peggah
    $800 21
the Donner Party

Peggah
    $1000 4
Futura

Dave
    $1000 9
Kashmir

Eric
    $1000 28
(Dave: Uh, what is Grey's Anatomy?)

Judging Amy

DavePeggah
    $1000 29
(Peggah: Bone in the game. What is bone in the game?)
...
[The end-of-round signal sounds.]

no dog in that fight

Peggah
Triple Stumper
    $1000 12
(Peggah: What are rows?)

periods

PeggahEric
    $1,300 22
the Matterhorn

Peggah

Scores at the first commercial break (after clue 15):

Dave Peggah Eric
$1,400 $400 $3,600

Scores at the end of the Jeopardy! Round:

Dave Peggah Eric
-$400 $3,500 $5,000

Double Jeopardy! Round responses

THE WRECK OF THE F. SCOTT FITZGERALD
THE HALL OF FAME POSITION
CULTURE CLUB
MAMMAL FACTS
NATIVE AMERICANS: THE REALITY
(Jimmy: We're back at the Smithsonian's National Museum of the American Indian. Last time, we had clues about Native American myth. This time, a category about reality.)
"T" TIME
    $400 5
center (in basketball)

Eric
    $400 20
culture shock

Dave
    $400 6
a sea lion

Eric
    $400 19
John Smith

Eric
    $800 28
[The end-of-round signal sounds.]

a screenwriter

Dave
    $800 4
pitcher

Eric
    $800 24
yogurt

Peggah
    $800 7
an aardvark

Dave
    $800 13
the Battle of Little Bighorn

Eric
    $800 11
tobogganing

Dave
    $1200 25
Alcoholism

Dave
    $1200 1
(Peggah: What is the Basketball Hall of Fame?)
(Dave: What is guard?)
(Alex: Be more specific.)

point guard

DavePeggah
    $3,000 23
(Alex: We have less than a minute.)

a culture war

Eric
    $1200 16
an orangutan

Eric
    $1200 14
lacrosse

Eric
    $1200 10
Tabernacle

Eric
    $1600 26
Zelda

Dave
    $1600 2
goalie (in hockey)

Eric
    $1600 21
strep

Dave
    $3,000 17
(Eric: Uh, what is a--a bat?)

a marsupial

Eric
    $1600 12
(Dave: What is the Keystone?)

the Dakota Access Pipeline

Dave
Triple Stumper
    $1600 8
timpanis

Dave
    $2000 27
The Last Tycoon

Triple Stumper
    $2000 3
linebacker

Eric
    $2000 22
appropriation

Eric
    $2000 18
(Peggah: What is a whale?)
(Alex: Be more specific.)
(Peggah: What is a sperm whale?)
(Dave: What's a blue whale?)
...
(Alex: Asesina. Assassin.)

killer whale (orca)

DavePeggah
Triple Stumper
    $2000 15
the Trail of Tears

Eric
    $2000 9
a troglodyte

Eric

Scores at the end of the Double Jeopardy! Round:

Dave Peggah Eric
$6,000 $1,100 $21,000
(lock game)

[wagering suggestions for these scores]

Final Jeopardy! Round responses

SCIENCE & INNOVATION
PeggahWhat is the Mayo Clinic
$313
DaveWhat is 3M?
$3,000
EricWhat is Dupont
$4,000
3M

Final scores:

Dave Peggah Eric
$9,000 $787 $17,000
2nd place: $2,000 3rd place: $1,000 New champion: $17,000

Game dynamics:

Coryat scores:

Dave Peggah Eric
$6,000 $800 $22,200
14 R,
6 W
9 R
(including 1 DD),
4 W
26 R
(including 1 DD),
4 W
(including 1 DD)

Combined Coryat: $29,000

[game clues] [game scores] [suggest correction]

Game tape date: 2019-10-15
The J! Archive is created by fans, for fans. Scraping, republication, monetization, and malicious use prohibited; this site may use cookies and collect identifying information. See terms. The Jeopardy! game show and all elements thereof, including but not limited to copyright and trademark thereto, are the property of Jeopardy Productions, Inc. and are protected under law. This website is not affiliated with, sponsored by, or operated by Jeopardy Productions, Inc. Join the discussion at JBoard.tv.